Statistics for U.S. States with the Lowest Cancer Death Rate

Click here to take the quiz!

General Stats

  • This quiz has been taken 29 times
  • The average score is 8 of 10

Answer Stats

Rate State % Correct
142.1New Mexico
93%
139.4Hawaii
89%
142.5Arizona
85%
144.4California
85%
152.1New York
85%
127.8Utah
81%
136.5Colorado
78%
141.1Wyoming
74%
151.8North Dakota
74%
146.8Connecticut
63%

Score Distribution

Percentile by Number Answered

Percent of People with Each Score

Your Score History

You have not taken this quiz